Tension in land policy between EU-15 and accession states of 2004

Vlastníctvo pôdy bolo vždy dôležitým predpokladom pre trvalé sociálno ekonomické pomery a vývoj krajiny. Kolektivizácia a následná dekolektivizácia po roku 1990. Vývoj pozemkového práva. Problémy reštitučných procesov. Získavanie pôdy cudzincami. Podmienky trhu s pôdou v krajinách SVE. Čo sa deje vo...

Descrizione completa

Salvato in:
Dettagli Bibliografici
Autore principale: Greif, Franz
Natura: Capitolo di libro
Lingua:inglese
Soggetti:
Tags: Aggiungi Tag
Nessun Tag, puoi essere il primo ad aggiungerne!!

MARC

LEADER 00000naa$a2200000$$$4500
001 0036333
005 20231113141646.2
041 0 |a eng 
044 |a CZ 
245 1 0 |a Tension in land policy between EU-15 and accession states of 2004  |c Franz Greif 
520 |a Vlastníctvo pôdy bolo vždy dôležitým predpokladom pre trvalé sociálno ekonomické pomery a vývoj krajiny. Kolektivizácia a následná dekolektivizácia po roku 1990. Vývoj pozemkového práva. Problémy reštitučných procesov. Získavanie pôdy cudzincami. Podmienky trhu s pôdou v krajinách SVE. Čo sa deje vo východných pohraničných oblastiach Rakúska. Očakávania a perspektívy trhu s pôdou - Poľsko, Maďarsko, Česko. 
610 2 0 |a politika 
610 2 0 |a trh zahraničný 
610 2 0 |a pôda 
610 2 0 |a predaj 
610 2 0 |a cudzinci 
610 2 0 |a právo pozemkové 
610 2 0 |a Európska únia 
100 1 |a Greif, Franz